000 004580000a22001690004500
003 MACL
005 20160119130433.0
008 160119b xxu||||| |||| 00| 0 eng d
040 _aMACL
_cMACL
041 _aEnglish
082 _a294.3/MAX
100 _aMuller, F Max
_923910
245 _aThe Sacred Books of The East Vol XLII
_bHymns of The Atharva Veda
260 _bThe Clarendon Press
_c1897
650 _aReligion
_933133
942 _cBK
_k294.3/MUL
_2ddc
999 _c40949
_d40949